Cartulario de Don Felipe III, Rey de Francia / (Record no. 41135)

MARC details
000 -LEADER
campo de control de longitud fija 00639nam a2200181 i 4500
001 - NÚMERO DE CONTROL
campo de control 41135
003 - IDENTIFICADOR DE NÚMERO DE CONTROL
campo de control ES-MaACL
005 - FECHA Y HORA DE LA ÚLTIMA TRANSACCIÓN
campo de control 20230906160358.0
007 - CAMPO FIJO DE DESCRIPCIÓN FÍSICA--INFORMACIÓN GENERAL
campo de control de longitud fija t|
008 - DATOS DE LONGITUD FIJA--INFORMACIÓN GENERAL
campo de control de longitud fija 030310s1913 sp ||||1| spa d
245 00 - MENCIÓN DEL TÍTULO
Título Cartulario de Don Felipe III, Rey de Francia /
Mención de responsabilidad, etc. Publicado por Mariano Arigita y Lasa.
260 ## - PUBLICACIÓN, DISTRIBUCIÓN, ETC.
Lugar de publicación, distribución, etc. Madrid :
Nombre del editor, distribuidor, etc. Sucesores de Hernando,
Fecha de publicación, distribución, etc. 1913.
300 ## - DESCRIPCIÓN FÍSICA
Extensión VII, 158 p. ;
Dimensiones 27 cm.
500 ## - NOTA GENERAL
Nota general Precede al tít.: Junta para Ampliaciones de Estudios e Investigaciones Científicas.
700 1# - ENTRADA AGREGADA--NOMBRE PERSONAL
Nombre de persona Arigita y Lasa, Mariano.
9 (RLIN) 22826
710 2# - ENTRADA AGREGADA--NOMBRE DE ENTIDAD CORPORATIVA
Nombre de entidad corporativa o nombre de jurisdicción como elemento de entrada Centro de Estudios Históricos (1910-1939)
9 (RLIN) 2638
852 ## - LOCALIZACIÓN
Ubicación ES-MaACL
Número de control de estantería G-6181
Holdings
Estatus retirado Estado de pérdida Estado de daño No para préstamo Biblioteca de origen Biblioteca actual Ubicación en estantería Fecha de adquisición Fuente de adquisición Total de préstamos Signatura topográfica completa Código de barras Visto por última vez Precio de reemplazo Tipo de ítem Koha
        Biblioteca del Ateneo de Madrid Biblioteca del Ateneo de Madrid Depósito 2 17/01/2008     G-6181 1043306 23/02/2023 23/02/2023 Libro impreso